000 01408njm a22002537a 4500
005 20100908112731.0
006 a|||||r|||||00| 0
007 sd ammalaaahaa
008 100901t xxu||||| |||| 00| 0 eng d
028 _aH.156 H
_bHindustan Record
035 _aGR-856
040 _aSED
_cSED
100 _aK .L.Saigol
_917816
245 _aAveser beeto jaat prani tero aveser beeto jaat:
_h[Gramophone Recoding] :
_b hindi song/
_cby K .L.Saigol
246 _aअवसर बीतो जात प्राणी तेरो अवसर बीतो जात (के .ल .सैगोल )
260 _aDum Dum, India:
_bHis Master 's Voice
300 _a1 sound Disc [GramaphoneRecording] :
_banalog, 33 1/3 rpm ;
_c9.5 in (MP)
_fGramaphone Records
500 _aBrief Record
505 _aअवसर बीतो जात प्राणी तेरो अवसर बीतो जात (के .ल .सैगोल )Aveser beeto jaat prani tero aveser beeto jaat:( K .L.Saigol ) साइड २ दिन नीके जात हे सुमिरन कर पीया (के .ल .सैगोल ) Side 2 Din neeke jat he sumeeran kar peeya (K .L.Saigol)
_g
650 _aMotion Picture Music
_xExcerpts
_zIndia
_917817
700 _918629
942 _2ddc
_cGR
999 _c44402
_d44402